| 000 | 00390nam a2200133Ia 4500 | ||
|---|---|---|---|
| 008 | 210430s9999 xx 000 0 und d | ||
| 020 | _a3-540-22981-7 | ||
| 082 | _a532 K891 F | ||
| 100 |
_aE. Krause _954344 |
||
| 245 |
_aFluid Mechanics With Problems and Solutions and an Aerodynamics Labortory _cE. Krause |
||
| 260 |
_aHeidelberg _bSpringer _c2006 |
||
| 300 | _a354 p | ||
| 942 |
_cBK _2ddc |
||
| 999 |
_c564903 _d564903 |
||